Countries Closest to Berlin - Statistics

General Stats
  • This quiz has been taken 186 times
  • The average score is 19 of 20
Answer Stats
Distance (km) Distance (mi) Country % Correct
406 252 Austria
100%
175 109 Czechia
99%
0 0 Germany
99%
428 266 Netherlands
99%
62 38 Poland
99%
314 195 Sweden
99%
535 332 Belgium
98%
246 153 Denmark
98%
536 333 France
98%
565 351 Luxembourg
98%
487 302 Slovakia
97%
618 384 Switzerland
97%
569 354 Hungary
96%
609 379 Italy
95%
645 401 Liechtenstein
95%
658 409 Slovenia
93%
637 396 Latvia
91%
585 364 Lithuania
91%
468 291 Russia / Kaliningrad
91%
667 415 Belarus
87%
No matching quizzes found
Score Distribution
Percent of People with Each Score
Percentile by Number Answered
Your Score History
You have not taken this quiz